The Perineum - Statistics

General Stats
  • This quiz has been taken 149 times
  • The average score is 6 of 12
Answer Stats
Picture Answer % Correct
The bulb of the penis
91%
The glans penis
82%
Bulbospongiosus
66%
Ischiocavernosus
66%
The crus of the clitoris
62%
Levator ani
49%
The perineal body
45%
Perineal membrane
43%
Superficial transverse perineal muscle
34%
Pubococcygeus
33%
Ischioanal fossae
18%
Bulbourethral gland
16%
No matching quizzes found
Score Distribution
Percent of People with Each Score
Percentile by Number Answered
Your Score History
You have not taken this quiz